Handbook on varnishes paints and lacquers : (Record no. 127067)

MARC details
000 -LEADER
fixed length control field 00801nam a22002417a 4500
005 - DATE AND TIME OF LATEST TRANSACTION
control field 20170124110019.0
010 ## - LIBRARY OF CONGRESS CONTROL NUMBER
LC control number A-574300
020 ## - INTERNATIONAL STANDARD BOOK NUMBER
Terms of availability 250.00
035 ## - SYSTEM CONTROL NUMBER
System control number A-574300
037 ## - SOURCE OF ACQUISITION
Source of stock number/acquisition Cen Lib/Ret
040 ## - CATALOGING SOURCE
Original cataloging agency DPL
Language of cataloging EN
082 ## - DEWEY DECIMAL CLASSIFICATION NUMBER
Classification number 338.476676
Item number RAY
100 ## - MAIN ENTRY--PERSONAL NAME
Personal name Ray, Subasis
9 (RLIN) 89083
245 ## - TITLE STATEMENT
Title Handbook on varnishes paints and lacquers :
Statement of responsibility, etc by Subasis Ray
Remainder of title perviously known as upto date paints, pigments & varnish industries /
260 ## - PUBLICATION, DISTRIBUTION, ETC. (IMPRINT)
Place of publication, distribution, etc Delhi
Name of publisher, distributor, etc Small Industry Research Institute
270 ## - ADDRESS
Address 4/43, Roop Nagar
City Delhi
Postal code 110007
300 ## - PHYSICAL DESCRIPTION
Extent 268p. :
Dimensions 23cm(Hb)
Other physical details ill.
490 ## - SERIES STATEMENT
Series statement 35th Publication on Small Scale Industries
500 ## - GENERAL NOTE
General note Includes index.
650 ## - SUBJECT ADDED ENTRY--TOPICAL TERM
Topical term or geographic name as entry element Piant Technology
9 (RLIN) 89084
650 ## - SUBJECT ADDED ENTRY--TOPICAL TERM
Topical term or geographic name as entry element Production
9 (RLIN) 9800
942 ## - ADDED ENTRY ELEMENTS (KOHA)
Source of classification or shelving scheme Dewey Decimal Classification
Koha item type English Books
Classification part 338.476676
Call number suffix RAY
Holdings
Withdrawn status Lost status Damaged status Not for loan Home library Current library Date acquired Source of acquisition Cost, normal purchase price Total Checkouts Full call number Barcode Date last seen Copy number Cost, replacement price Price effective from Koha item type
        Central Library Central Library 27/06/2015 Cen Lib/Ret 250.00   338.476676 RAY A-574300 27/06/2015 1 250.00 27/06/2015 English Books

© Delhi Public Library
Hit Counter
free hit counter